000 nam a22 7a 4500
999 _c9975
_d9975
008 180209b ||||| |||| 00| 0 eng d
100 _aDaly, A
_95998
245 _aThe Gingerbread man
260 _aLondon
_bLadybird Publication
_c1993